|
|
|
|
| LEADER |
00000cam a2200000 7i4500 |
| 001 |
0000000131 |
| 005 |
20000717.0 |
| 020 |
0 |
0 |
|a 9676902004
|
| 090 |
0 |
0 |
|a 650.1
|b HIL 1997
|
| 100 |
1 |
0 |
|a Hill
|h Napoleon
|c 1883-1970
|
| 245 |
1 |
0 |
|a Berfikir ke arah kejayaan :
|b (Think and grow rich)
|c Napoleon Hill; penterjemah Yusof Wanjor
|
| 260 |
0 |
0 |
|a Batu Caves, Selangor :
|b Thinker's Library ,
|c 1997
|
| 300 |
|
|
|a xviii, 277 p. ;
|c 23 cm.
|
| 500 |
0 |
0 |
|a Translated from: Think and grow rich/ Napleon Hill
|
| 650 |
0 |
0 |
|a Carnegie, Andrew
|y 1835-1919
|
| 650 |
0 |
0 |
|a Success in business
|
| 650 |
0 |
0 |
|a Yusof Hj. Wanjor
|
| 999 |
|
|
|a 0000001285
|b Monograph
|c Open Shelf
|e Default branch
|